000 00450cam a2200169ua 4500
020 _c350.00
041 _aeng
_h
082 _a553.7
_bRAM/TO
100 _aIyer, Ramaswami R .
245 _aTowards water wisdom: Limits, justice,harmony /
_cRamaswami R Iyer.
_hTextual Documents
260 _aNew Delhi :
_bSage Publications ,
_c2007.
300 _a270 ;
_eCD.
365 _a350.00
504 _a
942 _cBK
999 _c13269
_d13269